A loss of confidence (Record no. 118229)
[ view plain ]
| 000 -LEADER | |
|---|---|
| fixed length control field | 01071cam a2200229 4500 |
| 001 - CONTROL NUMBER | |
| control field | ABS68336 |
| 008 - FIXED-LENGTH DATA ELEMENTS--GENERAL INFORMATION | |
| fixed length control field | 041027n2004 000 0 eng u |
| 035 ## - SYSTEM CONTROL NUMBER | |
| System control number | (Sirsi) u127829 |
| 100 ## - MAIN ENTRY--PERSONAL NAME | |
| Personal name | Bessey, J. |
| 245 #2 - TITLE STATEMENT | |
| Title | A loss of confidence |
| 260 ## - PUBLICATION, DISTRIBUTION, ETC. | |
| Date of publication, distribution, etc. | 2004 |
| 490 ## - SERIES STATEMENT | |
| Series statement | Building |
| Volume/sequential designation | 269(8354) 22 October 2004, 62(1) |
| 520 ## - SUMMARY, ETC. | |
| Summary, etc. | Discusses the basis of legal privilege. Discusses its two types, litigation privilege and legal advice privilege which relates to confidential communication carried out between a client and lawyer. Introduces two recent cases, "Jackson v Marley Davenport Ltd" ([2004] EWCA Civ 1225, unreported) and "Three Rivers DC v Bank of England" ([2004] EWCA Civ 218, [2004] 3 ALL ER 168-183 (15)) which demonstrate that expert witnesses can no longer take legal privilege for granted. |
| 590 ## - LOCAL NOTE (RLIN) | |
| Local note | ABS |
| 590 ## - LOCAL NOTE (RLIN) | |
| Local note | ABS |
| 650 ## - SUBJECT ADDED ENTRY--TOPICAL TERM | |
| Topical term or geographic name entry element | ALAN JACKSON V MARLEY DEVELOPMENTS |
| 650 ## - SUBJECT ADDED ENTRY--TOPICAL TERM | |
| Topical term or geographic name entry element | THREE RIVERS DC V BANK OF ENGLAND |
| 650 ## - SUBJECT ADDED ENTRY--TOPICAL TERM | |
| Topical term or geographic name entry element | PRIVILEGE |
| 650 ## - SUBJECT ADDED ENTRY--TOPICAL TERM | |
| Topical term or geographic name entry element | EXPERT WITNESS |
| 9 (RLIN) | 6239 |
| 690 ## - LOCAL SUBJECT ADDED ENTRY--TOPICAL TERM (OCLC, RLIN) | |
| Topical term or geographic name as entry element | DISPUTE RESOLUTION-EXPERT WITNESS |
| 942 ## - ADDED ENTRY ELEMENTS (KOHA) | |
| Suppress in OPAC | 0 |
| Withdrawn status | Lost status | Source of classification or shelving scheme | Damaged status | Not for loan | Home library | Current library | Shelving location | Date acquired | Total Checkouts | Full call number | Barcode | Date last seen | Copy number | Price effective from | Koha item type |
|---|---|---|---|---|---|---|---|---|---|---|---|---|---|---|---|
| Dewey Decimal Classification | London | London | Journal article | 27/10/2004 | ABS68336 | 127829-1001 | 06/08/2019 | 1 | 06/08/2019 | Journal article |